Felső-ausztriai klaszterek elméleti alapok és megvalósulásuk /

Elmentve itt :
Bibliográfiai részletek
Szerző: Sitkei Ferenc Ákos
További közreműködők: Lukovics Miklós (Témavezető)
Dokumentumtípus: Szakdolgozat
Megjelent: 2005
Tárgyszavak:
Online Access:http://diploma.bibl.u-szeged.hu/32696
LEADER 00570nta a2200157 i 4500
001 dipl32696
005 20130314092841.0
008 110715s2005 hu om 0|| zxx d
040 |a SZTE Diploma Repozitórium  |b hun 
041 |a zxx 
100 1 |a Sitkei Ferenc Ákos 
245 1 0 |a Felső-ausztriai klaszterek  |h [elektronikus dokumentum] :  |b elméleti alapok és megvalósulásuk /  |c Ferenc Ákos Sitkei 
260 |c 2005 
650 4 |a Gazdaságtudományok 
700 1 |a Lukovics Miklós  |e ths 
856 4 0 |u http://diploma.bibl.u-szeged.hu/id/eprint/32696/1/szakdolgozat.pdf  |z Dokumentum-elérés